000 01596nam0a2200349 4500
001 RU\NLR\bibl\1732633
005 20260406144018.0
010 _a978-5-7516-0908-5
_bТекст
010 _a978-5-9953-0091-5
_93000
_bКнижники
021 _aRU
_b2010-106227
_97177
035 _a(NLR Aleph) 001723578
090 _a1355120
_c1355120
100 _a20110207d2011 |||y0rusy50 ca
101 0 _arus
102 _aRU
105 _ay |||||||||
200 1 _aСтрасти и другие рассказы
_fИсаак Башевис Зингер
_gпер. с англ. Дмитрия Веденяпина
210 _aМосква
_cТекст
_cКнижники
_d2011
215 _a442, [1] с.
_d17
225 1 _aПроза еврейской жизни
300 _aЗагл. обл.: Страсти
327 0 _aСодерж.: Ханка; Последняя любовь; Ошибки; Поклонница; Шабат в Португалии; Тоскующая телка; Ведьма; Сэм Палка и Давид Вишковер; Учитель в местечке; Новогодний вечер [и др.]
512 1 _6z17790
_aСтрасти
686 _aШ6(7США=Е)07-4{Лх1980}
700 1 _4070
_7ca
_8rus
_aЗингер
_bИ. Б.
_f1904-1991
_gИсаак Башевис
_9113992
_3RU\NLR\auth\774003
790 1 _4070
_7ca
_8rus
_aЗингер
_bИ. Б.
_f1904-1991
_gИсаак Башевис
_9113992
_3RU\NLR\auth\774003
801 0 _aRU
_bNLR
_c20110207
_gRCR
801 1 _aRU
_bNLR
_c20110207
942 _cBOOK
980 _aNB
980 _aNBR